[Event "44.Semif. C. ITA Magistrale"]
[Site "Salsomaggiore Terme ITA"]
[Date "1984.11.29"]
[Round "6.14"]
[White "Pienabarca, Nicola"]
[Black "Luciani, Carlo"]
[Result "0-1"]
[WhiteElo "1909"]
[BlackElo "2144"]
[Annotator "Gabriele Ballarin"]
[PlyCount "80"]
[EventDate "1984.11.24"]
[EventType "swiss"]
[EventRounds "9"]
[EventCountry "ITA"]

1. e4 e5 2. Nf3 Nc6 3. Bc4 Bc5 4. c3 Nf6 5. d4 exd4 6. cxd4 Bb4+ 7. Bd2 Bxd2+ 8. Nbxd2 d5 9. exd5 Nxd5 10. Qb3 Nce7 11. O-O O-O 12. Rfe1 Nb6 13. Bd3 Nc6 14. Rac1 Be6 15. Qb5 h6 16. Bb1 Nxd4 17. Nxd4 Qxd4 18. Nf3 Qd5 19. Qb4 c6 20. Re5 Qd7 21. Qe4 g6 22. Nd4 Bd5 23. Qh4 Qd6 24. Rce1 Kg7 25. Re7 Qf6 26. Qxf6+ Kxf6 27. Rxb7 c5 28. Rxb6+ axb6 29. Nb3 Bxb3 30. axb3 Ra1 31. Kf1 Rd8 32. Be4 Rxe1+ 33. Kxe1 Rd4 34. f3 Ke5 35. Bc2 f5 36. Ke2 g5 37. g3 f4 38. g4 Rd8 39. h3 Kd4 40. Be4 Re8 0-1

[Event "44.Semif. C. ITA Magistrale"]
[Site "Salsomaggiore Terme ITA"]
[Date "1984.11.29"]
[Round "6.15"]
[White "Cordara, Michele"]
[Black "Magrin, Antonio"]
[Result "1-0"]
[WhiteElo "2143"]
[BlackElo "2116"]
[Annotator "Gabriele Ballarin"]
[PlyCount "79"]
[EventDate "1984.11.24"]
[EventType "swiss"]
[EventRounds "9"]
[EventCountry "ITA"]

1. d4 Nf6 2. Bg5 d5 3. Nf3 Bf5 4. c4 c6 5. Nbd2 Nbd7 6. cxd5 cxd5 7. Qa4 a6 8. g4 b5 9. Qb3 Bxg4 10. Ne5 Be6 11. a4 Nxe5 12. dxe5 Nd7 13. Bg2 Nc5 14. Qc2 Rc8 15. axb5 axb5 16. Qb1 f6 17. Bf4 Qc7 18. Nf3 Nb3 19. Ra3 Qc4 20. O-O Qxf4 21. Rxb3 Qa4 22. Qd3 Bd7 23. e6 Bxe6 24. Nd4 Bd7 25. Bxd5 e6 26. Nxe6 Bxe6 27. Bxe6 Rd8 28. Qf3 Be7 29. Re3 Qb4 30. Bb3 Qc5 31. Ra1 g6 32. Ra8 Rf8 33. Qb7 Rxa8 34. Qxa8+ Kd7 35. Qb7+ Kd8 36. Qb8+ Kd7 37. Rd3+ Bd6 38. Qxf8 Qg5+ 39. Kf1 Qc1+ 40. Bd1 1-0

[Event "44.Semif. C. ITA Magistrale"]
[Site "Salsomaggiore Terme ITA"]
[Date "1984.11.29"]
[Round "6.16"]
[White "Gallo, Enrico"]
[Black "Fiore, Mario Angelo"]
[Result "0-1"]
[WhiteElo "2046"]
[BlackElo "1986"]
[Annotator "Gabriele Ballarin"]
[PlyCount "68"]
[EventDate "1984.11.24"]
[EventType "swiss"]
[EventRounds "9"]
[EventCountry "ITA"]

1. e4 e5 2. Nf3 Nc6 3. Bb5 a6 4. Ba4 Nf6 5. O-O b5 6. Bb3 Bb7 7. d3 Bc5 8. c3 d6 9. d4 Bb6 10. Bc2 O-O 11. h3 exd4 12. cxd4 Nb4 13. Re1 d5 14. e5 Nxc2 15. Qxc2 Ne4 16. Nc3 f5 17. b4 Kh8 18. a4 c6 19. a5 Ba7 20. Ne2 g5 21. Nh2 f4 22. f3 Ng3 23. Bb2 Nf5 24. Ng4 Qe7 25. Qd3 h5 26. Nf2 Bc8 27. Bc1 Nh4 28. Qc3 Qe6 29. Nd3 Nxg2 30. Kxg2 Qxh3+ 31. Kg1 Qxf3 32. Nc5 Qg4+ 33. Kf2 Qh4+ 34. Kg1 f3 0-1

[Event "44.Semif. C. ITA Magistrale"]
[Site "Salsomaggiore Terme ITA"]
[Date "1984.11.29"]
[Round "6.17"]
[White "Bolsi, Massimo"]
[Black "Valguarnera, Girolamo"]
[Result "1-0"]
[WhiteElo "1999"]
[BlackElo "1999"]
[Annotator "Gabriele Ballarin"]
[PlyCount "109"]
[EventDate "1984.11.24"]
[EventType "swiss"]
[EventRounds "9"]
[EventCountry "ITA"]

1. e4 b6 2. d4 Bb7 3. Nc3 g6 4. Be3 Bg7 5. Qd2 Nf6 6. f3 O-O 7. Bd3 d5 8. e5 Nfd7 9. Bh6 c5 10. Bxg7 Kxg7 11. Bb5 a6 12. Bxd7 Qxd7 13. O-O-O c4 14. h4 h5 15. Nge2 Rh8 16. Rdg1 Nc6 17. g4 hxg4 18. fxg4 Rag8 19. Qf4 Nd8 20. Rf1 b5 21. Ng3 b4 22. Nd1 Qa4 23. h5 Qxa2 24. hxg6 Rxh1 25. Rxh1 fxg6 26. Qh6+ Kf7 27. Qh7+ Rg7 28. Rf1+ Ke6 29. Qxg7 c3 30. Qxg6+ Kd7 31. bxc3 Nc6 32. Qf5+ Kc7 33. e6 a5 34. cxb4 Ba6 35. Qf4+ Kb7 36. Rf3 axb4 37. Rb3 Bc4 38. Rb2 Qa6 39. g5 b3 40. cxb3 Bd3 41. b4 Qc4+ 42. Kd2 Nxd4 43. Qe3 Nb3+ 44. Ke1 Nd4 45. Kf2 Nc2 46. Qe5 d4 47. Ne4 Bf1 48. Nc5+ Kb6 49. Qb8+ Kc6 50. Qc8+ Kd5 51. Qb7+ Kd6 52. Qa6+ Qxa6 53. Nxa6 Bxa6 54. Rxc2 d3 55. Rc5 1-0

[Event "44.Semif. C. ITA Magistrale"]
[Site "Salsomaggiore Terme ITA"]
[Date "1984.11.29"]
[Round "6.18"]
[White "Gasser, Giorgio"]
[Black "Ruggeri, Pietro"]
[Result "1-0"]
[WhiteElo "2034"]
[BlackElo "1900"]
[Annotator "Gabriele Ballarin"]
[PlyCount "81"]
[EventDate "1984.11.24"]
[EventType "swiss"]
[EventRounds "9"]
[EventCountry "ITA"]

1. e4 e5 2. Nf3 Nf6 3. Nxe5 d6 4. Nf3 Nxe4 5. Be2 Be7 6. O-O O-O 7. d3 Nf6 8. d4 c6 9. h3 Re8 10. Re1 Nbd7 11. c4 a6 12. Bf4 Nf8 13. Nc3 Ng6 14. Bh2 b5 15. b3 Qa5 16. Qd2 b4 17. Na4 Ne4 18. Qc2 Nf6 19. Bd3 Qh5 20. Re3 Qh6 21. Nb6 Rb8 22. Nxc8 Rbxc8 23. Bf5 Rcd8 24. Rae1 Bf8 25. Rxe8 Nxe8 26. Be4 Ne7 27. Bg3 Nf6 28. Bh4 Nxe4 29. Bxe7 Bxe7 30. Qxe4 Bf8 31. Qxc6 d5 32. Qc7 Qf6 33. c5 g6 34. Ne5 Re8 35. Qd7 Rd8 36. Qc6 Qf4 37. Qc7 Qf6 38. Nxf7 Ra8 39. Ne5 Re8 40. Qb7 Qe6 41. Nf3 1-0

[Event "44.Semif. C. ITA Magistrale"]
[Site "Salsomaggiore Terme ITA"]
[Date "1984.11.29"]
[Round "6.19"]
[White "Iudicello, Marco"]
[Black "Catracchia, Mauro"]
[Result "1-0"]
[WhiteElo "1973"]
[BlackElo "1900"]
[Annotator "Gabriele Ballarin"]
[PlyCount "67"]
[EventDate "1984.11.24"]
[EventType "swiss"]
[EventRounds "9"]
[EventCountry "ITA"]

1. e4 e6 2. d4 d5 3. Nc3 Nf6 4. e5 Nfd7 5. Qh5 c5 6. Nf3 cxd4 7. Nb5 Nc6 8. Nbxd4 g6 9. Qg5 Qxg5 10. Bxg5 h6 11. Be3 Ndxe5 12. Nxe5 Nxe5 13. Nb5 Kd7 14. Nxa7 Nc6 15. Nb5 Nb4 16. Kd2 Bg7 17. c3 Nc6 18. Bb6 Ra4 19. b3 Ra6 20. Be3 Na5 21. Rc1 Nc6 22. a4 e5 23. f3 d4 24. cxd4 Nxd4 25. Bxd4 exd4 26. Rc7+ Ke6 27. Bc4+ Ke5 28. Re1+ Kf5 29. Rxf7+ Bf6 30. Nxd4+ Kg5 31. Bxa6 Bxd4 32. Re4 Rd8 33. Bd3 Bf5 34. h4+ 1-0

[Event "44.Semif. C. ITA Magistrale"]
[Site "Salsomaggiore Terme ITA"]
[Date "1984.11.29"]
[Round "6.20"]
[White "Pipitone, Antonio"]
[Black "Luppi, Sergio Guido     "]
[Result "1/2-1/2"]
[WhiteElo "2048"]
[BlackElo "1988"]
[Annotator "Gabriele Ballarin"]
[PlyCount "37"]
[EventDate "1984.11.24"]
[EventType "swiss"]
[EventRounds "9"]
[EventCountry "ITA"]

1. e4 e6 2. d4 Nc6 3. Be3 d5 4. Nd2 e5 5. exd5 Nxd4 6. Bxd4 exd4 7. Bc4 Bb4 8. Qe2+ Ne7 9. O-O-O O-O 10. Nb3 Nxd5 11. Rxd4 Qg5+ 12. Kb1 Nb6 13. Nf3 Qf6 14. Bxf7+ Rxf7 15. Rxb4 Bd7 16. Ne5 Re8 17. Re1 Qxf2 18. Re4 Qxe2 19. R4xe2 1/2-1/2

[Event "44.Semif. C. ITA Magistrale"]
[Site "Salsomaggiore Terme ITA"]
[Date "1984.11.29"]
[Round "6.21"]
[White "Piccardo, Marco"]
[Black "Pernisco, Ermanno"]
[Result "0-1"]
[WhiteElo "2002"]
[BlackElo "2010"]
[Annotator "Gabriele Ballarin"]
[PlyCount "128"]
[EventDate "1984.11.24"]
[EventType "swiss"]
[EventRounds "9"]
[EventCountry "ITA"]

1. e4 c5 2. Nf3 Nc6 3. Bb5 g6 4. c3 Bg7 5. O-O Nf6 6. Re1 O-O 7. d4 cxd4 8. cxd4 d5 9. e5 Ne4 10. Nc3 Nxc3 11. bxc3 Bg4 12. h3 Bxf3 13. Qxf3 Rc8 14. Bg5 Qd7 15. Qe3 Qe6 16. Bh6 Na5 17. Bxg7 Kxg7 18. Be2 Nc4 19. Qg3 Qd7 20. Bg4 e6 21. Re2 Qe7 22. f4 Kh8 23. Qe1 Rc7 24. Bf3 Rfc8 25. a4 Na5 26. Re3 Rc6 27. Be2 Qc7 28. Ra3 Nc4 29. Bxc4 Rxc4 30. Qh4 Qd8 31. Qe1 Qe7 32. Qa1 Qh4 33. Qf1 b6 34. g3 Qe7 35. Qa1 Qd7 36. Kg2 a6 37. h4 h5 38. Kh3 R8c7 39. Rd3 Kg7 40. Kg2 Qc6 41. Kh3 Rb7 42. Rd2 b5 43. axb5 axb5 44. Ra6 Qc7 45. Ra3 b4 46. cxb4 Rcxb4 47. Rc3 Qb6 48. Rc8 Rc4 49. Rxc4 dxc4 50. d5 exd5 51. f5 Qb1 52. f6+ Kh6 53. Qxb1 Rxb1 54. Rxd5 c3 55. Rc5 Rc1 56. Kg2 c2 57. Kf2 Rh1 58. Rc8 Kh7 59. e6 c1=Q 60. Rxc1 Rxc1 61. e7 Rc8 62. Kf3 g5 63. hxg5 Kg6 64. Kf4 Ra8 0-1

[Event "44.Semif. C. ITA Magistrale"]
[Site "Salsomaggiore Terme ITA"]
[Date "1984.11.29"]
[Round "6.22"]
[White "Ricca, Roberto"]
[Black "Bonugli, Carlo"]
[Result "1/2-1/2"]
[WhiteElo "1900"]
[BlackElo "1921"]
[Annotator "Gabriele Ballarin"]
[PlyCount "49"]
[EventDate "1984.11.24"]
[EventType "swiss"]
[EventRounds "9"]
[EventCountry "ITA"]

1. e4 c5 2. d4 cxd4 3. Nf3 Nc6 4. c3 Nf6 5. e5 Nd5 6. Bc4 e6 7. Bxd5 exd5 8. O-O Be7 9. Nxd4 O-O 10. Nf5 d6 11. Nxe7+ Qxe7 12. exd6 Qxd6 13. Be3 Bf5 14. Nd2 Rfd8 15. Nb3 Qg6 16. Nd4 Nxd4 17. Bxd4 h5 18. f3 Re8 19. Qd2 b6 20. Rfe1 Kf8 21. Rxe8+ Rxe8 22. Re1 Rxe1+ 23. Qxe1 Bh3 24. Qe2 Qe6 25. Qxe6 1/2-1/2

[Event "44.Semif. C. ITA Magistrale"]
[Site "Salsomaggiore Terme ITA"]
[Date "1984.11.29"]
[Round "6.23"]
[White "Rodella, Franco"]
[Black "Donatelli, Giovanni"]
[Result "1/2-1/2"]
[WhiteElo "1910"]
[BlackElo "1900"]
[Annotator "Gabriele Ballarin"]
[PlyCount "81"]
[EventDate "1984.11.24"]
[EventType "swiss"]
[EventRounds "9"]
[EventCountry "ITA"]

1. Nf3 Nf6 2. d4 d5 3. c4 e6 4. Qc2 Nbd7 5. g3 Be7 6. Bg2 O-O 7. O-O Ne4 8. Nc3 Nxc3 9. Qxc3 c6 10. b3 a5 11. a3 b6 12. Rd1 Ba6 13. Bb2 Rc8 14. Qc2 f5 15. e3 Bf6 16. Rac1 Qe7 17. Qd2 Rfd8 18. cxd5 cxd5 19. Bf1 Bxf1 20. Kxf1 g5 21. Qd3 g4 22. Ne1 Qd6 23. Ng2 Bg5 24. Rc2 Rxc2 25. Qxc2 Nf6 26. Rc1 Ne4 27. Ke2 h5 28. Qc6 Nf6 29. a4 Ne8 30. Ne1 h4 31. Qxd6 Rxd6 32. Ba3 Rd7 33. Rc6 Rb7 34. Rxe6 Ng7 35. Rc6 hxg3 36. hxg3 b5 37. Nd3 bxa4 38. Nc5 Rb8 39. bxa4 Rb1 40. Nd7 Ra1 41. Rc8+ 1/2-1/2

[Event "44.Semif. C. ITA Magistrale"]
[Site "Salsomaggiore Terme ITA"]
[Date "1984.11.30"]
[Round "7.1"]
[White "Ventura, Franco"]
[Black "Drei, Andrea"]
[Result "1-0"]
[WhiteElo "2146"]
[BlackElo "2170"]
[Annotator "Gabriele Ballarin"]
[PlyCount "29"]
[EventDate "1984.11.24"]
[EventType "swiss"]
[EventRounds "9"]
[EventCountry "ITA"]

1. c4 Nf6 2. Nc3 g6 3. g3 Bg7 4. Bg2 d6 5. a3 O-O 6. Nf3 Nc6 7. d3 e5 8. Bd2 Re8 9. O-O h6 10. Nd5 e4 11. Ne1 Bf5 12. Bc3 Nxd5 13. cxd5 Bxc3 14. bxc3 exd3 15. e4 1-0

[Event "44.Semif. C. ITA Magistrale"]
[Site "Salsomaggiore Terme ITA"]
[Date "1984.11.30"]
[Round "7.2"]
[White "Messa, Roberto"]
[Black "Bellia, Fabrizio"]
[Result "0-1"]
[WhiteElo "2337"]
[BlackElo "2139"]
[Annotator "Gabriele Ballarin"]
[PlyCount "98"]
[EventDate "1984.11.24"]
[EventType "swiss"]
[EventRounds "9"]
[EventCountry "ITA"]

1. e4 e5 2. Nf3 Nc6 3. Bc4 Nf6 4. d3 Be7 5. c3 d6 6. Bb3 O-O 7. Nbd2 Na5 8. Bc2 c5 9. Nf1 Nc6 10. Ng3 Qc7 11. O-O h6 12. Bd2 Be6 13. Rc1 Qb6 14. b3 Qd8 15. h3 Rc8 16. Be3 d5 17. d4 cxd4 18. cxd4 Ba3 19. dxe5 Nxe4 20. Nxe4 dxe4 21. Bxe4 Bxc1 22. Bxc1 Qxd1 23. Rxd1 Rcd8 24. Rxd8 Rxd8 25. Bxc6 Rd1+ 26. Kh2 Rxc1 27. Bxb7 Ra1 28. Nd4 Rxa2 29. f4 Rb2 30. f5 Bxb3 31. Bc6 Kf8 32. e6 a5 33. Kg3 a4 34. Kf4 Rd2 35. Ke3 Rxd4 36. Kxd4 a3 37. Kc3 a2 38. Kb2 fxe6 39. fxe6 Bxe6 40. h4 h5 41. Bf3 g6 42. Be4 Kg7 43. g3 Kf6 44. Bc6 Ke5 45. Be8 Bf5 46. g4 hxg4 47. h5 gxh5 48. Bxh5 g3 49. Bf3 Be4 0-1

[Event "44.Semif. C. ITA Magistrale"]
[Site "Salsomaggiore Terme ITA"]
[Date "1984.11.30"]
[Round "7.3"]
[White "Passerotti, Pierluigi"]
[Black "Tirabassi, Maurizio"]
[Result "1/2-1/2"]
[WhiteElo "2248"]
[BlackElo "2117"]
[Annotator "Gabriele Ballarin"]
[PlyCount "69"]
[EventDate "1984.11.24"]
[EventType "swiss"]
[EventRounds "9"]
[EventCountry "ITA"]

1. e4 c5 2. Nf3 e6 3. d4 cxd4 4. Nxd4 Nc6 5. Nc3 Qc7 6. Be3 a6 7. Bd3 Nf6 8. O-O b5 9. Nxc6 Qxc6 10. e5 Bb7 11. f3 Bc5 12. Qe2 Bxe3+ 13. Qxe3 Ng4 14. Qd4 f5 15. Ne4 fxe4 16. Bxe4 Qc7 17. fxg4 Bxe4 18. Qxe4 Rc8 19. Qf4 Qc5+ 20. Rf2 Rf8 21. Qxf8+ Qxf8 22. Rxf8+ Kxf8 23. c3 Rc4 24. Rd1 Ke7 25. Rd4 Rxd4 26. cxd4 g5 27. Kf2 d5 28. exd6+ Kxd6 29. Ke3 Kd5 30. b3 a5 31. Kd3 e5 32. dxe5 Kxe5 33. Kc3 Kd5 34. a3 Kc5 35. g3 1/2-1/2

[Event "44.Semif. C. ITA Magistrale"]
[Site "Salsomaggiore Terme ITA"]
[Date "1984.11.30"]
[Round "7.4"]
[White "Laco, Giuseppe"]
[Black "Anceschi, Vittorio"]
[Result "0-1"]
[WhiteElo "2146"]
[BlackElo "2192"]
[Annotator "Gabriele Ballarin"]
[PlyCount "106"]
[EventDate "1984.11.24"]
[EventType "swiss"]
[EventRounds "9"]
[EventCountry "ITA"]

1. c4 d6 2. b4 e5 3. Bb2 Nf6 4. Nc3 Be7 5. e3 Bg4 6. Be2 Bxe2 7. Ngxe2 Nbd7 8. O-O O-O 9. Qb3 c6 10. Ng3 a5 11. a3 g6 12. d4 Qc7 13. Rac1 Rfe8 14. d5 axb4 15. axb4 c5 16. Rfd1 cxb4 17. Qxb4 Nc5 18. Nb5 Qb6 19. Qe1 Nfd7 20. e4 Ra4 21. Qe3 Bf8 22. Rc3 Qd8 23. Nf1 Qh4 24. Re1 Ra2 25. Rc2 Nb6 26. Qe2 Rea8 27. Nc3 R2a5 28. Nd2 Nba4 29. Bc1 Nxc3 30. Rxc3 Ra2 31. Rh3 Qf6 32. Qg4 Rc2 33. Nf3 Nd3 34. Bg5 Nxf2 35. Bxf6 Nxg4 36. Bg5 Rxc4 37. Rh4 h5 38. h3 Nh6 39. g4 Ra3 40. Kg2 Rc2+ 41. Kg3 f5 42. gxf5 gxf5 43. Bxh6 Bxh6 44. Rxh5 Bf4+ 45. Kh4 Rg2 46. Rg1 Rxg1 47. Nxg1 fxe4 48. Ne2 Rf3 49. Rf5 Rf2 50. Nc3 e3 51. Kh5 Kg7 52. Ne4 e2 53. Nxd6 Bg3 0-1

[Event "44.Semif. C. ITA Magistrale"]
[Site "Salsomaggiore Terme ITA"]
[Date "1984.11.30"]
[Round "7.5"]
[White "Cerchiari, Fulvio Andrea"]
[Black "Palmiotto, Fiorentino"]
[Result "1-0"]
[WhiteElo "2040"]
[BlackElo "2067"]
[Annotator "Gabriele Ballarin"]
[PlyCount "55"]
[EventDate "1984.11.24"]
[EventType "swiss"]
[EventRounds "9"]
[EventCountry "ITA"]
[SourceTitle "OM OTB 201609"]
[Source "Opening Master"]
[SourceDate "2016.09.17"]
[SourceVersion "5"]
[SourceVersionDate "2016.09.17"]
[SourceQuality "1"]

1. d4 d5 2. Nf3 Nf6 3. Bf4 e6 4. e3 Nbd7 5. Bd3 Be7 6. Nbd2 b6 7. Ne5 Bb7 8. c3 c6 9. Qf3 Nxe5 10. Bxe5 Bd6 11. Qg3 Bxe5 12. dxe5 Nh5 13. Qh3 g6 14. g4 Ng7 15. Qh6 O-O 16. Nf3 f6 17. exf6 Qxf6 18. Ng5 Rfc8 19. Nxh7 Qf3 20. Ng5 Qxh1+ 21. Ke2 Qxa1 22. Qh7+ Kf8 23. Qh8+ Ke7 24. Qxg7+ Kd6 25. Nf7+ Kc7 26. Ne5+ Kb8 27. Nd7+ Kc7 28. Nc5+ 1-0

[Event "44.Semif. C. ITA Magistrale"]
[Site "Salsomaggiore Terme ITA"]
[Date "1984.11.30"]
[Round "7.6"]
[White "Mantovani, Renzo"]
[Black "Benedetti, Fabrizio"]
[Result "1/2-1/2"]
[WhiteElo "2146"]
[BlackElo "2094"]
[Annotator "Gabriele Ballarin"]
[PlyCount "210"]
[EventDate "1984.11.24"]
[EventType "swiss"]
[EventRounds "9"]
[EventCountry "ITA"]

1. e4 c5 2. Nf3 e6 3. Nc3 a6 4. d4 cxd4 5. Nxd4 Qc7 6. g3 Bb4 7. Nde2 Nf6 8. Bg2 d6 9. O-O O-O 10. h3 e5 11. a3 Bc5 12. g4 Be6 13. Kh1 Nc6 14. Ng3 Nd4 15. Be3 Ba7 16. f4 Ne8 17. f5 Bc4 18. Re1 Nb5 19. Nxb5 Bxb5 20. Bxa7 Rxa7 21. g5 f6 22. h4 Bc6 23. c4 a5 24. Qg4 a4 25. Rg1 Ra8 26. Bf3 Rd8 27. Rac1 Qb6 28. Rc2 Rd7 29. Rh2 Qe3 30. Rhg2 Kh8 31. Nh5 Rc7 32. Kh2 Rd7 33. Rg3 Qd2+ 34. R1g2 Qd4 35. gxf6 Nxf6 36. Nxf6 Rxf6 37. Qg5 Qxc4 38. Qh5 Rh6 39. Qg4 Qf7 40. Qh3 Qf6 41. Rg4 Kg8 42. Qg3 Kf8 43. Qf2 Rf7 44. Kg1 Qd8 45. Rg5 Qa5 46. Qg3 Qb6+ 47. Kh2 Qc7 48. h5 b5 49. Rc2 Qb7 50. Qe1 Be8 51. Qc1 Qb6 52. Kg3 d5 53. exd5 e4 54. Bxe4 Re7 55. Re2 Rxh5 56. Rg4 Qd6+ 57. Qf4 Rh6 58. Qxd6 Rxd6 59. Rc2 Kf7 60. Kf4 Kf6 61. Rc8 g6 62. fxg6 Bxg6 63. Bxg6 hxg6 64. Rc5 Kg7 65. Rxb5 Rf6+ 66. Kg3 Re3+ 67. Kh4 Kh6 68. Rg3 Re2 69. Rb4 Rh2+ 70. Kg4 Rd2 71. Rh3+ Kg7 72. Rb7+ Rf7 73. Rh7+ Kxh7 74. Rxf7+ Kh6 75. Rf4 Rxb2 76. Rd4 Kg7 77. Kf4 Kf6 78. Rxa4 g5+ 79. Ke4 Ke7 80. Ra7+ Kd6 81. Ra6+ Kd7 82. Rg6 Ra2 83. Ke5 Re2+ 84. Kd4 Ra2 85. Kc5 Rxa3 86. Rg7+ Kd8 87. Rxg5 Ra1 88. Rg7 Ra2 89. Kd6 Ra6+ 90. Ke5 Ra1 91. Ke6 Rd1 92. Kd6 Ke8 93. Ra7 Rd2 94. Ra1 Rd3 95. Ra8+ Kf7 96. Rh8 Rd1 97. Kc6 Ke7 98. Rh7+ Ke8 99. Rh6 Rc1+ 100. Kd6 Ra1 101. Rh8+ Kf7 102. Rc8 Rd1 103. Rc5 Ke8 104. Rc8+ Kf7 105. Rd8 Ra1 1/2-1/2

[Event "44.Semif. C. ITA Magistrale"]
[Site "Salsomaggiore Terme ITA"]
[Date "1984.11.30"]
[Round "7.7"]
[White "Pederzoli, Sergio"]
[Black "Minarelli, Guido"]
[Result "1/2-1/2"]
[WhiteElo "1937"]
[BlackElo "2102"]
[Annotator "Gabriele Ballarin"]
[PlyCount "20"]
[EventDate "1984.11.24"]
[EventType "swiss"]
[EventRounds "9"]
[EventCountry "ITA"]

1. e4 e5 2. Nf3 Nc6 3. Bc4 Nf6 4. d4 Nxe4 5. d5 Nd6 6. Bb3 e4 7. dxc6 exf3 8. cxd7+ Bxd7 9. Qxf3 Be7 10. O-O Bc6 1/2-1/2

[Event "44.Semif. C. ITA Magistrale"]
[Site "Salsomaggiore Terme ITA"]
[Date "1984.11.30"]
[Round "7.8"]
[White "Amovilli, Mauro"]
[Black "Lantini, Marco"]
[Result "1/2-1/2"]
[WhiteElo "2082"]
[BlackElo "2017"]
[Annotator "Gabriele Ballarin"]
[PlyCount "26"]
[EventDate "1984.11.24"]
[EventType "swiss"]
[EventRounds "9"]
[EventCountry "ITA"]

1. d4 d5 2. Nc3 Nf6 3. Bg5 Nbd7 4. f3 c5 5. dxc5 Qa5 6. Bxf6 Nxf6 7. Qd4 g6 8. e4 Bg7 9. Bb5+ Kf8 10. e5 Bd7 11. Bxd7 Nxd7 12. Qxd5 Bxe5 13. Nge2 Nxc5 1/2-1/2

[Event "44.Semif. C. ITA Magistrale"]
[Site "Salsomaggiore Terme ITA"]
[Date "1984.11.30"]
[Round "7.9"]
[White "Primavera, Roberto"]
[Black "Cordara, Michele"]
[Result "1/2-1/2"]
[WhiteElo "2153"]
[BlackElo "2143"]
[Annotator "Gabriele Ballarin"]
[PlyCount "54"]
[EventDate "1984.11.24"]
[EventType "swiss"]
[EventRounds "9"]
[EventCountry "ITA"]

1. e4 c5 2. Nf3 d6 3. d4 cxd4 4. Nxd4 Nf6 5. Nc3 a6 6. f4 Qc7 7. Be2 e5 8. Nb3 Be6 9. f5 Bc4 10. Bxc4 Qxc4 11. Qd3 Qxd3 12. cxd3 d5 13. exd5 Bb4 14. O-O O-O 15. Bg5 Nbd7 16. Ne4 Nxd5 17. a3 f6 18. axb4 fxg5 19. Nxg5 Nxb4 20. d4 Nc2 21. Rac1 Nxd4 22. Nxd4 exd4 23. Rc7 Nf6 24. Rd1 h6 25. Ne6 Rf7 26. Rxf7 Kxf7 27. Rxd4 Rc8 1/2-1/2

[Event "44.Semif. C. ITA Magistrale"]
[Site "Salsomaggiore Terme ITA"]
[Date "1984.11.30"]
[Round "7.10"]
[White "Luciani, Carlo"]
[Black "Simoli, Sergio"]
[Result "1/2-1/2"]
[WhiteElo "2144"]
[BlackElo "2155"]
[Annotator "Gabriele Ballarin"]
[PlyCount "185"]
[EventDate "1984.11.24"]
[EventType "swiss"]
[EventRounds "9"]
[EventCountry "ITA"]

1. d4 Nf6 2. Nf3 g6 3. Bf4 Bg7 4. e3 O-O 5. Be2 c5 6. c3 b6 7. Nbd2 Bb7 8. O-O d6 9. h3 Nbd7 10. Bh2 Rc8 11. a4 a6 12. Bc4 Rc7 13. Qe2 Qa8 14. Rfc1 Bh6 15. Bb3 Rfc8 16. Qf1 Ne4 17. Nxe4 Bxe4 18. Nd2 Bb7 19. Rd1 a5 20. Bc2 cxd4 21. exd4 Nf6 22. Bd3 Bd5 23. Be2 Ne4 24. Nxe4 Bxe4 25. Bd3 Bd5 26. Re1 Bg5 27. Bg3 Bc4 28. Bxc4 Rxc4 29. Qd3 Qc6 30. Qd1 Qd5 31. Qe2 f5 32. f3 Kf7 33. Qf2 e6 34. Qe2 h5 35. Bf2 Bf6 36. Bg3 Re8 37. Qd1 g5 38. Qe2 f4 39. Bf2 Rg8 40. Qe4 Qxe4 41. Rxe4 d5 42. Re2 Rb8 43. Kf1 b5 44. axb5 Rxb5 45. Ke1 Rc6 46. Kd1 Rcb6 47. Ra2 Kg6 48. Kc2 g4 49. Be1 Kf5 50. hxg4+ hxg4 51. fxg4+ Kxg4 52. Bd2 Bd8 53. Be1 Bc7 54. Bd2 Kh4 55. Be1+ Kg5 56. Bd2 Kg4 57. Kc1 Kf5 58. Kc2 Rb8 59. Rf2 Rg8 60. Ra1 Rgb8 61. Rb1 Kg4 62. Re2 R5b6 63. Be1 Bd8 64. b4 Be7 65. b5 a4 66. Bd2 a3 67. Rf1 Rf8 68. Rb1 Ra8 69. Bc1 Rh8 70. Bd2 Ra8 71. Bc1 Ra5 72. Rf2 Bd6 73. Re2 Raxb5 74. Ra1 Kg3 75. Rxe6 Kxg2 76. Rg6+ Kf2 77. Rxd6 Rxd6 78. Bxf4 Rb2+ 79. Kd3 Ra6 80. Bc1 Re2 81. c4 dxc4+ 82. Kxc4 a2 83. d5 Rb6 84. Bg5 Rb1 85. Bf6 Ke3 86. d6 Ke4 87. d7 Rc2+ 88. Bc3 Rxa1 89. d8=Q Rxc3+ 90. Kxc3 Rc1+ 91. Kd2 a1=Q 92. Qe7+ Kd5 93. Qd7+ 1/2-1/2

[Event "44.Semif. C. ITA Magistrale"]
[Site "Salsomaggiore Terme ITA"]
[Date "1984.11.30"]
[Round "7.11"]
[White "Gagliardi, Pietro"]
[Black "Rupeni, Franco"]
[Result "1/2-1/2"]
[WhiteElo "2058"]
[BlackElo "2201"]
[Annotator "Gabriele Ballarin"]
[PlyCount "83"]
[EventDate "1984.11.24"]
[EventType "swiss"]
[EventRounds "9"]
[EventCountry "ITA"]

1. e4 e5 2. Nf3 Nc6 3. Bb5 a6 4. Ba4 d6 5. Bxc6+ bxc6 6. d4 f6 7. Be3 Ne7 8. Nc3 Ng6 9. Qe2 Be6 10. h4 h5 11. O-O-O Qc8 12. dxe5 Nxe5 13. Nxe5 fxe5 14. Kb1 a5 15. Qd3 Qa6 16. Qxa6 Rxa6 17. g3 Bg4 18. Rd3 Be7 19. Re1 Bf6 20. Na4 Be6 21. b3 Kf7 22. c4 Rb8 23. Kc2 Raa8 24. Nc3 a4 25. Rdd1 Ke7 26. f3 Ra5 27. Rb1 axb3+ 28. axb3 Kd7 29. Ra1 Rba8 30. Rxa5 Rxa5 31. Rd1 c5 32. Kb2 c6 33. Kc2 Kc7 34. Rh1 Ra8 35. Kd3 Be7 36. Rh2 Ra3 37. Rb2 Kc8 38. Bd2 Bd8 39. Be3 Ba5 40. f4 exf4 41. Bxf4 Kd7 42. Ra2 1/2-1/2

[Event "44.Semif. C. ITA Magistrale"]
[Site "Salsomaggiore Terme ITA"]
[Date "1984.11.30"]
[Round "7.12"]
[White "Fiore, Mario Angelo"]
[Black "Bolsi, Massimo"]
[Result "1-0"]
[WhiteElo "1986"]
[BlackElo "1999"]
[Annotator "Gabriele Ballarin"]
[PlyCount "61"]
[EventDate "1984.11.24"]
[EventType "swiss"]
[EventRounds "9"]
[EventCountry "ITA"]

1. e4 c5 2. Nf3 Nc6 3. d4 cxd4 4. Nxd4 Nf6 5. Nc3 g6 6. Be3 Bg7 7. Bc4 O-O 8. Bb3 d6 9. h3 Bd7 10. O-O a5 11. a4 Rc8 12. f4 Nb4 13. e5 dxe5 14. fxe5 Rxc3 15. bxc3 Nfd5 16. Bd2 Bxe5 17. cxb4 Bxd4+ 18. Kh1 Bxa1 19. Qxa1 Nf6 20. Bh6 Bc6 21. b5 Be4 22. Qe5 Qd7 23. Kh2 Re8 24. Rxf6 exf6 25. Qxf6 Qc7+ 26. Kh1 Bxg2+ 27. Kxg2 Re2+ 28. Kf1 Re1+ 29. Kxe1 Qg3+ 30. Kd2 Qh2+ 31. Kc1 1-0

[Event "44.Semif. C. ITA Magistrale"]
[Site "Salsomaggiore Terme ITA"]
[Date "1984.11.30"]
[Round "7.13"]
[White "Bellatalla, Emilio"]
[Black "Gasser, Giorgio"]
[Result "1-0"]
[WhiteElo "1900"]
[BlackElo "2034"]
[Annotator "Gabriele Ballarin"]
[PlyCount "47"]
[EventDate "1984.11.24"]
[EventType "swiss"]
[EventRounds "9"]
[EventCountry "ITA"]

1. d4 d5 2. c4 e6 3. Nc3 Nf6 4. cxd5 exd5 5. Bg5 Be7 6. e3 c6 7. Qc2 Ne4 8. Bxe7 Qxe7 9. Nxd5 cxd5 10. Qxc8+ Qd8 11. Bb5+ Ke7 12. Qxd8+ Rxd8 13. Rc1 Nd7 14. Ne2 Rac8 15. O-O f5 16. Bxd7 Kxd7 17. Rxc8 Rxc8 18. Rc1 Rc6 19. Rxc6 Kxc6 20. Kf1 Kb5 21. Ke1 a5 22. Nc3+ Nxc3 23. bxc3 Kc6 24. Kd2 1-0